| 000 | 00810nam a22002177a 4500 | ||
|---|---|---|---|
| 999 |
_c10682 _d10682 |
||
| 003 | AR-CdUCM | ||
| 008 | 190306b ||||| |||| 00| 0 spa d | ||
| 040 |
_aMUNICIPALIDAD PROVINCIAL DEL CUSCO _cBIBLIOTECA MUNICIPAL DEL CUSCO |
||
| 082 |
_a869.26 / _bB74 / 1935 |
||
| 100 |
_aBorges, Jorge Luis _92792 |
||
| 245 | _aHistoria universal de la infamia / | ||
| 260 |
_aBuenos aires : _bTor, _c1935. |
||
| 300 |
_a139 páginas ; _c19 cm. |
||
| 440 |
_aColección megáfono ; _n3 _927661 |
||
| 505 | _aContenido : El espantoso redentor Lazarus Morell -- La viuda ching, pirata -- Un teólogo en la muerte -- El espejo de tinta -- El brujo postergado ... | ||
| 650 |
_aCuentos argentinos _92794 |
||
| 650 |
_aCuentos fantásticos _910885 |
||
| 650 |
_aHistorietas _910786 |
||
| 942 |
_2ddc _cLIBROS |
||
| 945 | _aacv | ||